Kežmarok Starý a nový ev. Kostol

Zobrazenie: Pohľad v bielom orámovaní na renesančnú zvonicu a za ňou v pozadí Baziliku Minor sv. Kríža. Vľavo v popredí vidno poschodovú budovu. Uprostred v popredí je cesta a vpravo vysoký múr obrastený brečtanom, a vpravo za ním vidno časť ihličnatého stromu

Bibliographic Details
Format: Postcard
Language:Slovak
German
PhysicalDescription:1 pohľadnica čiernobiela 9 x 14 cm
Published: [Prešov] Lichtig [1931?]
Subjects:

MARC

LEADER 00000nkm a2200000 a 4500
001 vtls011858214
003 SK-MaSNL
005 20260512123631.0
007 kp bo
008 230706q1931 xo g kuslo
015 |a SNBG1931 
035 |a urn:nbn:sk:snk-km00dsmd 
035 |a urn:nbn:sk:snk-km3lv79 
035 |a 831E10FC-5B66-4D21-AC68-68488F7000B7 
040 |a SNK  |b slo  |c SNK  |e AACR2 
041 0 |a slo  |a ger 
043 |a e-xo--- 
044 |a xo  |c SK 
072 7 |a 913  |x Regionálna geografia  |2 konspekt 
080 |a 913(437.6)  |2 2011 
080 |a 726.9  |2 2011 
080 |a 726:27-523.42  |2 2011 
080 |a 904(084.121)  |2 2011 
080 |a 721  |2 2011 
245 0 0 |a Kežmarok  |h grafika  |b Starý a nový ev. Kostol 
246 3 1 |a Kesmark  |b Alte und neue ev. Kirche 
260 |a [Prešov]  |b Lichtig  |c [1931?] 
300 |a 1 pohľadnica  |b čiernobiela  |c 9 x 14 cm 
500 |a Názvové údaje prevzaté z obrazovej časti pohľadnice 
500 |a Číslo záberu 1224 
520 8 |a Zobrazenie: Pohľad v bielom orámovaní na renesančnú zvonicu a za ňou v pozadí Baziliku Minor sv. Kríža. Vľavo v popredí vidno poschodovú budovu. Uprostred v popredí je cesta a vpravo vysoký múr obrastený brečtanom, a vpravo za ním vidno časť ihličnatého stromu 
546 |a Súbežný názov a podnázov v nem. 
650 0 7 |a zvonice  |2 SNKPH  |9 37813 
650 0 7 |a baziliky  |2 SNKPH  |9 54566 
650 0 7 |a budovy  |2 SNKPH  |9 1283 
651 7 |a Kežmarok (Slovensko)  |2 SNKPHgeo  |9 26808 
655 7 |a miestne pohľadnice  |2 SNKPH  |9 70510 
655 7 |a pohľadnice kultúrnych pamiatok  |2 SNKPH  |9 70523 
852 |a Slovenská národná knižnica 
958 |a GBN 
958 |a GC 
958 |a ONDV 
999 |c 774366  |d 776296 
952 |a SNK  |b SNK  |y PREZ  |7 0  |p 17A1283105  |o snkSP 131320  |0 0  |1 0  |4 0  |d 2019-03-26  |f 1  |l 0  |r 2026-02-24 00:45:24  |w 2026-02-24